| 000 | 00704cab a2200229 4500 | ||
|---|---|---|---|
| 001 | ABS46201 | ||
| 008 | 090401t1992 xxu||||| |||| 00| 0 eng d | ||
| 035 | _a(Sirsi) u57139 | ||
| 041 | _aeng | ||
| 100 | _aWoods, M. | ||
| 245 | _aBadgers and development | ||
| 260 | _c1992 | ||
| 350 | _a0 | ||
| 490 |
_aEstates Gazette _v(9213) 4 April 1992, 82-84(3) |
||
| 520 | _aCautions developers to consider badgers in view of Badgers Act 1991. Covers licences from English Nature to destroy a sett and ways, in which badgers can be enticed to new ground. | ||
| 650 | _aBADGERS ACT 1991 | ||
| 650 | _aBADGERS | ||
| 650 | _aWILDLIFE CONSERVATION | ||
| 690 | _aCON | ||
| 942 | _n0 | ||
| 948 | _c04/03/1997 | ||
| 999 |
_c34818 _d34818 |
||